000 01181nam a2200349 a 4500
003 AR-BaBNM
005 20251128210324.0
008 082120s2002 ||||||||||||||000 | spa||
020 _a950-49-0215-4
040 _cAR-BaBNM
110 2 _aAcademia Nacional de la Historia [Argentina]
245 0 0 _aNueva historia de la Nación Argentina
_n1
260 _aBuenos Aires
_bPlaneta
_c1999
300 _a516 p.
_bil., láms., mapas
504 _aCada trabajo cuenta con bibliografía para consultar al finalizar cada uno
650 4 _aHISTORIA ARGENTINA
650 4 _aABORIGENES ARGENTINOS
650 4 _aPERIODO HISPANICO
650 4 _aDESCUBRIMIENTO DEL RIO DE LA PLATA
650 4 _aCONQUISTA DEL RIO DE LA PLATA
650 4 _aHISTORIA PROVINCIAL ARGENTINA
650 4 _aENCOMIENDA
700 1 _aTau Anzoátegui, Víctor
_edirector
700 1 _aRípodas Ardanaz, Daisy
_edirector
700 1 _aMaeder, Ernesto J.A.
_edirector
700 1 _aCortés Conde, Roberto
_edirector
700 1 _aGarcía Belsunce, César A.
_edirector
700 1 _aPérez Guilhou, Dardo
_edirector
700 1 _aDe Marco, Miguel Angel
_ecoordinador
942 _cBK
998 _cMariana
999 _c14946
_d14946